000 00274nam a22001217a 4500
008 181022b xxu||||| |||| 00| 0 eng d
041 _aeng
080 _24 ED
_a621
100 _a37
101 _aENG
245 _aIntroduction Fluid Mechanics
_cFox.R.W
942 _2udc
_cBK
999 _c50384
_d50384